000 00263nam a22001097a 4500
041 _aENG
245 _aGre Gerenarl Test No 5
260 _aDelhi
_bEducational Teshis Servies
_c1987
300 _a158
650 _aCompetitive Exam
856 _uCompetitive Exam ( 35 )
999 _c986
_d986